000 00631nam a2200169Ia 4500
008 090711s9999 xx 000 0 und d
082 _b33622
100 _aटोळ दत्ता श्री.
245 _aभले बहाद्दर / स्वर्गाSाी सहल
260 _c1975
300 _a32+32
600 _aटोळ दत्ता श्री.
630 _aभले बहाद्दर / स्वर्गाSाी सहल
700 _aटोळ दत्ता श्री.
730 _aभले बहाद्दर / स्वर्गाSाी सहल
942 _cBOOK
999 _c322712
_d322712